000 00570nam a2200181 a 4500
005 20140310183206.0
008 030123s19uu xx 00 eng d
050 _aLB 1139.35.P37
_b.B46 1997
100 _aBennett, Neville
245 _aTeaching through play :
_bTeachers thinking and classroom practice /
_cNeville Benntte.
260 _aBuckingham ;
_bOpen University Press,
_c1997.
300 _a152 p. :
_bill. ;
_c23 cm.
521 _aEDU
650 _aPlay
650 _aEarly childhood education
_xactivity purposes
942 _cBK
_2lcc
_kFOR
999 _c19991
_d19991